00640nas a22001577a 4500003000400000005001700004008004100021040001400062245010000076260007800176300001200254650003000266650003100296710005600327856009900383OSt20151125121849.0130628u1996 sp ||||| |||| 00| 0 cat d cCDMRbcat00aPapers ACCC de comunicació científica cAssociació Catalana de Comunicació Científica aBarcelonabAssociació Catalana de Comunicació Científicac1996-200? av.ccm.04aButlletins d'informació04aComunicació científica2 aAssociació Catalana de Comunicació Científica40uhttp://www.accc.cat/index/pg/40/466yDisponible en línia núm. 12 (1998) - núm. 43 (2006)